Normal view MARC view
  • Wales

Entry Corporate Name

Number of records used in: 11

001 - CONTROL NUMBER

  • control field: 4836

003 - CONTROL NUMBER IDENTIFIER

  • control field: SIRSI

005 - DATE AND TIME OF LATEST TRANSACTION

  • control field: 20190806150237.0

008 - FIXED-LENGTH DATA ELEMENTS

  • fixed length control field: 051219n| aaannaabn |n ana d

040 ## - CATALOGING SOURCE

  • Original cataloging agency: OSt
  • Transcribing agency: OSt

110 1# - HEADING--CORPORATE NAME

  • Corporate name or jurisdiction name as entry element: Wales
  • Subordinate unit: National Assembly for Wales

410 ## - SEE FROM TRACING--CORPORATE NAME

  • Corporate name or jurisdiction name as entry element: National Assembly for Wales

410 ## - SEE FROM TRACING--CORPORATE NAME

  • Corporate name or jurisdiction name as entry element: NAFW

670 ## - SOURCE DATA FOUND

  • Source citation: Consultation on river basin planning, 2005